[Event "POL-chT Ekstraliga"]
[Site "Chotowa"]
[Date "2025.06.03"]
[Round "2.4"]
[White "Kokoszczynski, Jan"]
[Black "Nguyen, Piotr"]
[Result "1/2-1/2"]
[WhiteElo "2307"]
[BlackElo "2394"]
[PlyCount "165"]
[EventDate "2025.06.02"]
[EventType "team-tourn"]
[EventRounds "9"]
[EventCountry "POL"]
[SourceTitle "CB24_2025"]
[SourceDate "2025.06.11"]
[SourceVersion "1"]
[SourceVersionDate "2025.06.11"]
[SourceQuality "1"]
[WhiteTeam "Chylice Laura"]
[BlackTeam "Plock Hetman"]
[WhiteTeamCountry "POL"]
[BlackTeamCountry "POL"]

1. e4 g6 2. d4 d6 3. Nf3 Nf6 4. Bd3 Bg7 5. 0-0 0-0 6. Re1 Nc6 7. c3 e5 8. h3 a5 9. Nbd2 exd4 10. Nxd4 Re8 11. N2f3 Bd7 12. Bf4 Ne5 13. Bf1 Re7 14. Bh2 Qe8 15. Nxe5 dxe5 16. Nf3 Rd8 17. Qc2 Bc6 18. a4 b6 19. Bc4 Nh5 20. b3 Red7 21. Re2 Qe7 22. Rae1 Kh8 23. Qc1 Qc5 24. g4 Nf4 25. Bxf4 exf4 26. Qxf4 Bxa4 27. Ng5 Rf8 28. e5 Bc6 29. Nxf7+ Rdxf7 30. Bxf7 Qxc3 31. Re3 Qd2 32. Qc4 Be8 33. e6 Bd4 34. R3e2 Qf4 35. Qd3 Bxf7 36. exf7 Rxf7 37. Kg2 Kg7 38. Rf1 Bc5 39. Qe4 Qf6 40. Qe5 Bd6 41. Qxf6+ Rxf6 42. Re4 h5 43. f4 hxg4 44. hxg4 Rf8 45. Kf3 Rh8 46. Kg2 Rf8 47. Rd4 Kf6 48. Rh1 Bc5 49. Rd3 Ra8 50. Kf3 Bd6 51. Rd4 Kg7 52. Re4 b5 53. Ra1 Kf7 54. Kf2 Bc5+ 55. Ke2 Bd6 56. Kf3 Rh8 57. Kg2 Ra8 58. Kf2 Ra6 59. Ke2 Ra8 60. Kd3 Ra6 61. Rd4 Ke6 62. Ke4 Ra8 63. Rd5 c6 64. Rd4 Bf8 65. Rc1 c5 66. Rd5 a4 67. Re5+ Kf7 68. bxa4 Rxa4+ 69. Kf3 Bd6 70. Rcxc5 Bxc5 71. Rxc5 Rb4 72. Rc7+ Ke6 73. Rc6+ Kf7 74. Rb6 Rb1 75. Kg3 Rb4 76. g5 Rb1 77. Rb7+ Kf8 78. Kf3 Rb4 79. Ke3 Kg8 80. Rb6 Kg7 81. Rd6 Kf7 82. Rd7+ Kf8 83. Rb7 1/2-1/2

[Event "Krakow op-A 35th"]
[Site "Krakow"]
[Date "2025.01.03"]
[Round "8"]
[White "Babiarz, Arkadiusz"]
[Black "Nguyen, Piotr"]
[Result "0-1"]
[WhiteElo "2193"]
[BlackElo "2399"]
[PlyCount "172"]
[EventDate "2024.12.27"]
[EventType "swiss"]
[EventRounds "9"]
[EventCountry "POL"]
[SourceTitle "CB02_2025"]
[SourceDate "2025.01.08"]
[SourceVersion "1"]
[SourceVersionDate "2025.01.08"]
[SourceQuality "1"]

1. e4 c5 2. Nf3 d6 3. d4 cxd4 4. Qxd4 a6 5. c4 Nc6 6. Qe3 g6 7. Be2 Bg7 8. h3 Nf6 9. Nc3 0-0 10. 0-0 Nd7 11. b3 Rb8 12. Rb1 Qa5 13. Bd2 Qc5 14. Rfc1 Nde5 15. Nd5 f5 16. Nxe5 Bxe5 17. b4 Qxe3 18. fxe3 e6 19. Nc3 b6 20. exf5 gxf5 21. Bf3 Ne7 22. Ne2 Ng6 23. Nd4 Bf6 24. Nc6 Rb7 25. g3 Rg7 26. Kh2 Ne5 27. Nxe5 Bxe5 28. Be1 Bb7 29. Bxb7 Rxb7 30. Bc3 Bxc3 31. Rxc3 Rc8 32. Rbc1 Kf7 33. Kg2 Kf6 34. Kf3 Ke5 35. Ke2 Rg7 36. c5 bxc5 37. bxc5 Rxg3 38. cxd6 Rxc3 39. Rxc3 Kxd6 40. Ra3 Rxh3 41. Rxa6+ Ke5 42. a4 h5 43. a5 h4 44. Rb6 Rh1 45. Kf3 Rf1+ 46. Kg2 Re1 47. Rb3 Ra1 48. Rb4 Rxa5 49. Rxh4 Ra6 50. Kf3 Kf6 51. Rh8 Kg7 52. Rb8 e5 53. Rb7+ Kf6 54. Rb8 Ra3 55. Rf8+ Ke6 56. Re8+ Kd6 57. Kf2 Ra2+ 58. Kf3 Ra3 59. Kf2 Rc3 60. Rd8+ Ke6 61. Rd2 Rb3 62. Ra2 Rc3 63. Rd2 Ra3 64. Ke2 Kf6 65. Kf2 Kg5 66. Rd5 Kf6 67. Rd6+ Kg5 68. Rd5 e4 69. Rd2 Kg4 70. Rb2 Ra1 71. Kg2 Re1 72. Kf2 Rh1 73. Kg2 Rh3 74. Rb3 Rf3 75. Ra3 f4 76. Ra8 Rxe3 77. Rg8+ Kf5 78. Rf8+ Ke5 79. Re8+ Kd4 80. Rd8+ Kc3 81. Rc8+ Kd2 82. Rc4 Kd3 83. Ra4 Re2+ 84. Kf1 Rc2 85. Ra3+ Rc3 86. Ra2 e3 0-1

[Event "Krakow op-A 35th"]
[Site "Krakow"]
[Date "2024.12.30"]
[Round "5"]
[White "Nguyen, Piotr"]
[Black "Nemitz, Alfred"]
[Result "1-0"]
[WhiteElo "2399"]
[BlackElo "2265"]
[PlyCount "99"]
[EventDate "2024.12.27"]
[EventType "swiss"]
[EventRounds "9"]
[EventCountry "POL"]
[SourceTitle "CB02_2025"]
[SourceDate "2025.01.08"]
[SourceVersion "1"]
[SourceVersionDate "2025.01.08"]
[SourceQuality "1"]

1. Nf3 d5 2. g3 Nf6 3. Bg2 Bg4 4. c4 e6 5. h3 Bh5 6. 0-0 Nbd7 7. d4 c6 8. cxd5 exd5 9. Qb3 Qb6 10. Qe3+ Be7 11. Nh4 Qd8 12. Nf5 Bg6 13. Nxe7 Qxe7 14. Qxe7+ Kxe7 15. Nc3 Rhe8 16. f3 Kf8 17. b3 a5 18. Kf2 b5 19. g4 Nb6 20. h4 b4 21. Nd1 a4 22. bxa4 Nc4 23. h5 Bc2 24. Ne3 Nxe3 25. Bxe3 Rxa4 26. Rfc1 b3 27. axb3 Bxb3 28. h6 g6 29. g5 Nd7 30. Bh3 f5 31. gxf6 Nxf6 32. Bg5 Rxa1 33. Rxa1 Kf7 34. e3 Bc4 35. Ra7+ Re7 36. Rxe7+ Kxe7 37. Kg3 Kf7 38. Kf4 Be2 39. Ke5 Ne8 40. Be6+ Kf8 41. Bd7 Bxf3 42. Bxc6 Nc7 43. Bd8 Na6 44. Kf6 Nb8 45. Be7+ Kg8 46. Be8 Bg4 47. Bf7+ Kh8 48. Kg5 Nd7 49. Kxg4 g5 50. Kxg5 1-0

[Event "Krakow op-A 35th"]
[Site "Krakow"]
[Date "2024.12.28"]
[Round "2"]
[White "Signorelli, Gaetano"]
[Black "Nguyen, Piotr"]
[Result "1-0"]
[WhiteElo "2208"]
[BlackElo "2399"]
[PlyCount "71"]
[EventDate "2024.12.27"]
[EventType "swiss"]
[EventRounds "9"]
[EventCountry "POL"]
[SourceTitle "CB02_2025"]
[SourceDate "2025.01.08"]
[SourceVersion "1"]
[SourceVersionDate "2025.01.08"]
[SourceQuality "1"]

1. e4 d6 2. d4 g6 3. Nc3 Bg7 4. f4 Nf6 5. Nf3 0-0 6. Bd3 Na6 7. 0-0 c5 8. d5 Bg4 9. h3 Bxf3 10. Rxf3 Nc7 11. a4 b6 12. Qe1 a6 13. Be3 b5 14. Bf2 Rb8 15. axb5 axb5 16. Rd1 Nd7 17. b3 Qc8 18. Bf1 Qa6 19. e5 dxe5 20. Ne4 exf4 21. Nxc5 Qd6 22. Nxd7 Qxd7 23. Rxf4 Nxd5 24. c4 bxc4 25. bxc4 Qc7 26. Rf3 Nb4 27. Qe4 Na6 28. Ra3 Nc5 29. Qe3 Rfc8 30. Rd5 Nb7 31. Bg3 Nd6 32. c5 Qb7 33. cxd6 Qxd5 34. Rd3 Qe6 35. Qxe6 fxe6 36. d7 1-0

[Event "Warsaw Independence Rapid op"]
[Site "Warsaw"]
[Date "2024.11.11"]
[Round "5"]
[White "Chiszko, Oskar"]
[Black "Nguyen, Piotr"]
[Result "0-1"]
[WhiteElo "2140"]
[BlackElo "2399"]
[PlyCount "82"]
[EventDate "2024.11.11"]
[EventType "swiss (rapid)"]
[EventRounds "9"]
[EventCountry "POL"]
[SourceTitle "CB47_2024"]
[SourceDate "2024.11.20"]
[SourceVersion "1"]
[SourceVersionDate "2024.11.20"]
[SourceQuality "1"]

1. d4 d6 2. c4 e5 3. e3 Nd7 4. Nc3 g6 5. Nf3 Bg7 6. Be2 Ngf6 7. h3 0-0 8. 0-0 e4 9. Nd2 Re8 10. Qc2 Qe7 11. b4 Nf8 12. Bb2 h5 13. Rfc1 Bf5 14. c5 d5 15. b5 Ne6 16. Qd1 h4 17. a4 Rad8 18. a5 Bh6 19. Ba3 Qd7 20. c6 bxc6 21. bxc6 Qc8 22. Rab1 Ng5 23. Bf1 Bxh3 24. gxh3 Nxh3+ 25. Bxh3 Qxh3 26. Qf1 Qf5 27. Nb5 Ng4 28. Rb2 h3 29. Qe2 h2+ 30. Kg2 Qg5 31. Kh1 Qh4 32. Rf1 Re6 33. Nxc7 Rxc6 34. Nb5 Rb8 35. Nc3 Rxb2 36. Bxb2 Rf6 37. Ncxe4 dxe4 38. Nxe4 Re6 39. Qf3 Rxe4 40. Qxe4 Nxf2+ 41. Rxf2 Qxe4+ 0-1

[Event "Warsaw Independence Rapid op"]
[Site "Warsaw"]
[Date "2024.11.11"]
[Round "7"]
[White "Golis, Wiktor"]
[Black "Nguyen, Piotr"]
[Result "1/2-1/2"]
[WhiteElo "2343"]
[BlackElo "2399"]
[PlyCount "51"]
[EventDate "2024.11.11"]
[EventType "swiss (rapid)"]
[EventRounds "9"]
[EventCountry "POL"]
[SourceTitle "CB47_2024"]
[SourceDate "2024.11.20"]
[SourceVersion "1"]
[SourceVersionDate "2024.11.20"]
[SourceQuality "1"]

1. e4 c5 2. Nf3 g6 3. c3 d5 4. e5 Nc6 5. d4 cxd4 6. cxd4 Bg4 7. Bb5 Qb6 8. Bxc6+ bxc6 9. Nbd2 Qb5 10. Qe2 e6 11. Qxb5 cxb5 12. h3 Bxf3 13. Nxf3 Ne7 14. Bd2 Nc6 15. Ke2 Kd7 16. Kd3 Bg7 17. Rac1 f6 18. exf6 Bxf6 19. Rc5 a6 20. Rhc1 Rac8 21. a3 Ne7 22. Bg5 Bxg5 23. Ne5+ Kd6 24. Nf7+ Kd7 25. Ne5+ Kd6 26. Nf7+ 1/2-1/2

[Event "Warsaw Independence Rapid op"]
[Site "Warsaw"]
[Date "2024.11.11"]
[Round "8"]
[White "Nguyen, Piotr"]
[Black "Terkiewicz, Bruno"]
[Result "1-0"]
[WhiteElo "2399"]
[BlackElo "2171"]
[PlyCount "113"]
[EventDate "2024.11.11"]
[EventType "swiss (rapid)"]
[EventRounds "9"]
[EventCountry "POL"]
[SourceTitle "CB47_2024"]
[SourceDate "2024.11.20"]
[SourceVersion "1"]
[SourceVersionDate "2024.11.20"]
[SourceQuality "1"]

1. c4 Nf6 2. g3 e6 3. Bg2 d5 4. Nf3 c6 5. 0-0 dxc4 6. a4 a5 7. Qc2 Be7 8. Na3 0-0 9. Nxc4 Na6 10. d3 Nb4 11. Qb3 b6 12. Rd1 Bb7 13. e4 b5 14. Nce5 Nd7 15. d4 Nb6 16. h4 Nxa4 17. Nxf7 Rxf7 18. Ne5 Rf6 19. Bg5 Qe8 20. Rac1 Rd8 21. Bh3 Rd6 22. Bxf6 Bxf6 23. Nc4 bxc4 24. Qxa4 Bxd4 25. Qxa5 c5 26. Qc7 Qf7 27. Qb8+ Qf8 28. Qxb7 Qxf2+ 29. Kh1 Qxg3 30. Qc8+ Kf7 31. Rf1+ Kg6 32. Rg1 Bxg1 33. Rxg1 Rd1 34. Qxe6+ Kh5 35. Rxd1 Qf3+ 36. Kh2 Qe2+ 37. Kg3 Qe3+ 38. Kh2 Qe2+ 39. Bg2 Qxd1 40. Qf5+ Kxh4 41. Qxh7+ Qh5 42. Qxg7 Qg5 43. Qh7+ Kg4 44. Qh3+ Kf4 45. Qf3+ Ke5 46. Qc3+ Kd6 47. Qxc4 Qf4+ 48. Kh3 Qh6+ 49. Kg3 Qg7+ 50. Kf3 Qf6+ 51. Ke3 Qxb2 52. Bf3 Qh2 53. Qb5 Qg1+ 54. Kf4 Qh2+ 55. Kg4 Qg1+ 56. Kf5 Qg3 57. Qb8+ 1-0

[Event "POL-chT 1st League"]
[Site "Darlowo"]
[Date "2024.09.17"]
[Round "4.9"]
[White "Malyovanyi, Yulian"]
[Black "Nguyen, Piotr"]
[Result "1-0"]
[WhiteElo "2293"]
[BlackElo "2404"]
[PlyCount "83"]
[EventDate "2024.09.14"]
[EventType "team-swiss"]
[EventRounds "9"]
[EventCountry "POL"]
[SourceTitle "EXT 2025"]
[Source "ChessBase"]
[SourceDate "2024.10.14"]
[SourceVersion "1"]
[SourceVersionDate "2024.10.14"]
[SourceQuality "1"]

1. e4 c5 2. Nf3 a6 3. c4 Nc6 4. Nc3 Nd4 5. Nxd4 cxd4 6. Ne2 e5 7. g3 b5 8. cxb5 axb5 9. Bg2 Nf6 10. 0-0 Bc5 11. d3 0-0 12. f4 d6 13. h3 Ra4 14. g4 Bb7 15. Ng3 Nd7 16. g5 exf4 17. Bxf4 g6 18. Qb3 Bc6 19. Rf2 Qe7 20. Raf1 Qe6 21. Qc2 Ne5 22. b3 Ra7 23. Kh2 b4 24. Ne2 Bb5 25. Bxe5 Qxe5+ 26. Nf4 Rfa8 27. Qb1 h6 28. Kg1 hxg5 29. Nd5 Kg7 30. Qd1 Be8 31. Nf6 Bc6 32. Ng4 Qe8 33. Qd2 Qd8 34. Rf6 Qh8 35. Qxg5 Qh5 36. Qf4 Rf8 37. Rxd6 Bxd6 38. Qxd6 Ra6 39. Qxd4+ f6 40. Nxf6 Rxf6 41. Qxf6+ Kh6 42. Qf8+ 1-0

[Event "POL-chT 1st League"]
[Site "Darlowo"]
[Date "2024.09.16"]
[Round "3.15"]
[White "Nguyen, Piotr"]
[Black "Kaliszuk, Kamil"]
[Result "1-0"]
[WhiteElo "2404"]
[BlackElo "2123"]
[PlyCount "85"]
[EventDate "2024.09.14"]
[EventType "team-swiss"]
[EventRounds "9"]
[EventCountry "POL"]
[SourceTitle "EXT 2025"]
[Source "ChessBase"]
[SourceDate "2024.10.14"]
[SourceVersion "1"]
[SourceVersionDate "2024.10.14"]
[SourceQuality "1"]

1. Nf3 d5 2. g3 Nf6 3. Bg2 Bf5 4. c4 c6 5. Qb3 Qb6 6. d3 e6 7. Be3 Qb4+ 8. Nbd2 h6 9. 0-0 Nbd7 10. Qc2 Ng4 11. Bd4 e5 12. Bc3 Qd6 13. cxd5 cxd5 14. e4 dxe4 15. Nxe4 Qc7 16. d4 Bxe4 17. Qxe4 Ngf6 18. Qe2 e4 19. Nd2 Be7 20. Nxe4 0-0 21. Rac1 Qb6 22. Nd2 Rfe8 23. Qf3 Rab8 24. Rfe1 Qa6 25. Bf1 Qxa2 26. Bb5 Bf8 27. Rxe8 Rxe8 28. Bc4 Qa4 29. Qxb7 Rb8 30. Qc7 Ne8 31. Qf4 Nd6 32. b3 Qc6 33. Bb4 g5 34. Bxd6 gxf4 35. Bxf7+ Kxf7 36. Rxc6 Bxd6 37. Rxd6 Nf6 38. Ra6 Rb7 39. Kg2 Rd7 40. Nf3 Rb7 41. Ne5+ Kg7 42. Nd3 fxg3 43. Nc5 1-0

[Event "Krakow op"]
[Site "Krakow"]
[Date "2024.06.29"]
[Round "9"]
[White "Vasynda, Oleksandr"]
[Black "Nguyen, Piotr"]
[Result "0-1"]
[WhiteElo "2219"]
[BlackElo "2426"]
[PlyCount "90"]
[EventDate "2024.06.22"]
[EventType "swiss"]
[EventRounds "9"]
[EventCountry "POL"]
[SourceTitle "CBM 220 Extra"]
[Source "ChessBase"]
[SourceDate "2024.07.31"]
[SourceVersion "1"]
[SourceVersionDate "2024.07.31"]
[SourceQuality "1"]

1. d4 g6 2. Nf3 Bg7 3. c4 c5 4. d5 d6 5. Nc3 Bxc3+ 6. bxc3 f5 7. e3 Qa5 8. Bd2 Nf6 9. Bd3 Nbd7 10. 0-0 Nb6 11. Re1 Qa4 12. Qb3 0-0 13. Rab1 Rb8 14. Bc1 Qa6 15. Qc2 e5 16. dxe6 Bxe6 17. e4 fxe4 18. Bxe4 Nxe4 19. Qxe4 Bf5 20. Qe7 Rbe8 21. Qc7 Rxe1+ 22. Nxe1 Qxc4 23. Bh6 Qf7 24. Qxf7+ Rxf7 25. Rd1 Nc4 26. Nf3 Re7 27. h3 Re2 28. Kh2 Kf7 29. Ng5+ Ke7 30. Kg3 Rxa2 31. Nxh7 a5 32. Bf8+ Kd7 33. Nf6+ Kc6 34. Ne8 d5 35. Nf6 Rd2 36. Re1 a4 37. Kf3 a3 38. g4 Be4+ 39. Nxe4 dxe4+ 40. Kxe4 Rxf2 41. Bg7 Rf7 42. Kd3 Nb2+ 43. Kc2 Rxg7 44. Kb3 b5 45. Kxa3 Nd3 0-1

[Event "Krakow op"]
[Site "Krakow"]
[Date "2024.06.25"]
[Round "5"]
[White "Kutowski, Marcel"]
[Black "Nguyen, Piotr"]
[Result "1/2-1/2"]
[WhiteElo "2230"]
[BlackElo "2426"]
[PlyCount "131"]
[EventDate "2024.06.22"]
[EventType "swiss"]
[EventRounds "9"]
[EventCountry "POL"]
[SourceTitle "CBM 220 Extra"]
[Source "ChessBase"]
[SourceDate "2024.07.31"]
[SourceVersion "1"]
[SourceVersionDate "2024.07.31"]
[SourceQuality "1"]

1. e4 c5 2. Nf3 a6 3. c4 Nc6 4. d4 cxd4 5. Nxd4 e5 6. Nc2 Bc5 7. Be3 Bxe3 8. Nxe3 d6 9. Nc3 Nge7 10. Bd3 0-0 11. 0-0 Nd4 12. Kh1 Bd7 13. b4 Rc8 14. Ne2 Ne6 15. Bc2 Bc6 16. a4 b5 17. cxb5 axb5 18. axb5 Bxb5 19. Bd3 Bc6 20. Rc1 Rb8 21. Qd2 Qb6 22. Rb1 Rbd8 23. Nc4 Qb8 24. b5 Ba8 25. Qb4 Nc5 26. Bc2 Nxe4 27. Nxe5 Nf6 28. Nc4 Rfe8 29. Nd4 Ng4 30. Nd2 Nd5 31. Qa3 Qb6 32. Qd3 g6 33. N2f3 Rc8 34. Bb3 Nc3 35. Rbc1 Ne4 36. Rc2 Nc5 37. Qc4 Nxb3 38. Qxb3 Rxc2 39. Qxc2 Bxf3 40. Nxf3 Qxb5 41. Kg1 Nf6 42. h3 d5 43. Rd1 Ra8 44. Qc3 Qb6 45. Qc2 Ra5 46. Ne5 Rc5 47. Qa4 Rb5 48. Qf4 Rb1 49. Rxb1 Qxb1+ 50. Kh2 Kg7 51. Nf3 Qe4 52. Qd6 h6 53. Qb6 g5 54. Qb2 h5 55. Kg1 g4 56. hxg4 hxg4 57. Nh4 g3 58. fxg3 d4 59. Nf3 d3 60. Qc3 Qe3+ 61. Kh1 Qh6+ 62. Kg1 Qe3+ 63. Kh1 Qh6+ 64. Kg1 Qg6 65. Ne5 Qxg3 66. Nxd3 1/2-1/2

[Event "Budapest Spring op"]
[Site "Budapest"]
[Date "2024.05.28"]
[Round "6"]
[White "Nguyen, Piotr"]
[Black "Antal, Gergely"]
[Result "1/2-1/2"]
[WhiteElo "2402"]
[BlackElo "2586"]
[PlyCount "59"]
[EventDate "2024.05.20"]
[EventType "swiss"]
[EventRounds "9"]
[EventCountry "HUN"]
[SourceTitle "CBM 220 Extra"]
[Source "ChessBase"]
[SourceDate "2024.07.31"]
[SourceVersion "1"]
[SourceVersionDate "2024.07.31"]
[SourceQuality "1"]

1. Nf3 d5 2. g3 Nf6 3. Bg2 e6 4. 0-0 Bd6 5. c4 0-0 6. d4 Nc6 7. b3 dxc4 8. bxc4 e5 9. c5 Be7 10. dxe5 Qxd1 11. Rxd1 Ne4 12. Bb2 Nxc5 13. Nc3 Be6 14. Ba3 Rad8 15. Ng5 Nxe5 16. Nxe6 fxe6 17. Bxb7 Nc4 18. Bxc5 Bxc5 19. e3 Rb8 20. Rab1 Nd6 21. Bg2 Rfd8 22. Rbc1 Bb4 23. Ne2 c5 24. Nf4 Kf7 25. Nd3 Ba3 26. Rc3 Nb5 27. Rc4 Ke7 28. Bf3 Rb6 29. Be2 a5 30. Kg2 1/2-1/2

[Event "Budapest Spring op"]
[Site "Budapest"]
[Date "2024.05.26"]
[Round "4"]
[White "Nguyen, Piotr"]
[Black "Prohaszka, Peter"]
[Result "1/2-1/2"]
[WhiteElo "2402"]
[BlackElo "2581"]
[PlyCount "119"]
[EventDate "2024.05.20"]
[EventType "swiss"]
[EventRounds "9"]
[EventCountry "HUN"]
[SourceTitle "CBM 220 Extra"]
[Source "ChessBase"]
[SourceDate "2024.07.31"]
[SourceVersion "1"]
[SourceVersionDate "2024.07.31"]
[SourceQuality "1"]

1. c4 e6 2. g3 d5 3. Bg2 Nf6 4. Nf3 Be7 5. 0-0 0-0 6. b3 a5 7. Nc3 c6 8. e3 b6 9. Bb2 Ba6 10. Qe2 a4 11. Rac1 b5 12. d3 Qb6 13. e4 dxc4 14. dxc4 axb3 15. axb3 bxc4 16. bxc4 Bxc4 17. Qxc4 Qxb2 18. Nd4 Qb4 19. Qxb4 Bxb4 20. e5 Ng4 21. Bxc6 Nxc6 22. Nxc6 Ba3 23. Rc2 Rfc8 24. Nb5 Nxe5 25. Nxa3 Rxc6 26. Rxc6 Nxc6 27. Nc4 g5 28. Kg2 Kg7 29. Ne3 Ra2 30. h4 gxh4 31. gxh4 Ne7 32. Rb1 Ra4 33. Kg3 f5 34. Ng2 Rg4+ 35. Kh3 Kf6 36. Rb6 Nd5 37. Rb3 Rg7 38. Ra3 Ke5 39. Ra6 h6 40. Ra8 Nf4+ 41. Nxf4 Kxf4 42. Rh8 Kf3 43. Rxh6 Re7 44. h5 f4 45. Kh4 e5 46. Kg5 Kxf2 47. Kf6 Re8 48. Kf7 Ra8 49. Re6 Ra7+ 50. Kg6 f3 51. Rxe5 Kg3 52. h6 Ra6+ 53. Kg7 f2 54. Rf5 Ra7+ 55. Kg6 Ra6+ 56. Kg7 Kg2 57. h7 Ra7+ 58. Kg6 Rxh7 59. Rxf2+ Kxf2 60. Kxh7 1/2-1/2

[Event "Ostravsky Konik op-A"]
[Site "Ostrava"]
[Date "2024.05.05"]
[Round "9"]
[White "Nguyen, Piotr"]
[Black "Pourquet, Matthieu"]
[Result "1-0"]
[WhiteElo "2398"]
[BlackElo "2214"]
[PlyCount "117"]
[EventDate "2024.04.27"]
[EventType "swiss"]
[EventRounds "9"]
[EventCountry "CZE"]
[SourceTitle "CBM 220 Extra"]
[Source "ChessBase"]
[SourceDate "2024.07.31"]
[SourceVersion "1"]
[SourceVersionDate "2024.07.31"]
[SourceQuality "1"]

1. e4 c6 2. d4 d5 3. exd5 cxd5 4. Bd3 Nf6 5. h3 Nc6 6. c3 e5 7. dxe5 Nxe5 8. Nf3 Nxd3+ 9. Qxd3 Bd6 10. 0-0 0-0 11. Be3 Re8 12. Nbd2 Ne4 13. Rfd1 Bf5 14. Qb5 a6 15. Qxb7 Rb8 16. Qxa6 Re6 17. Qf1 Rg6 18. Kh1 Rxb2 19. Nd4 Qf6 20. Nxf5 Qxf5 21. Nxe4 Qxe4 22. Rd4 Qe5 23. Bf4 Qf5 24. Bxd6 Rxd6 25. Kg1 h5 26. g3 Re6 27. Qg2 Ree2 28. Rf1 Rbd2 29. Rf4 Qe5 30. Qf3 f6 31. Kg2 Rxa2 32. Rf5 Qe4 33. Rxd5 Qxf3+ 34. Kxf3 Rec2 35. Rxh5 Rxc3+ 36. Kg2 Rcc2 37. Rf5 Kf7 38. h4 Ke6 39. g4 g6 40. Rf4 Re2 41. Kf3 Re5 42. Rb1 Ra3+ 43. Kg2 Ra6 44. Rb8 Kf7 45. Rc4 Ra2 46. Kg3 Ra3+ 47. f3 Ree3 48. Rb7+ Re7 49. Rb6 f5 50. g5 Ree3 51. Rc7+ Kf8 52. Kf4 Rxf3+ 53. Ke5 Rfb3 54. Rf6+ Ke8 55. Rxg6 Ra5+ 56. Kf6 Kd8 57. Rf7 Rb6+ 58. Kg7 Rb4 59. h5 1-0

[Event "Ostravsky Konik op-A"]
[Site "Ostrava"]
[Date "2024.04.29"]
[Round "3"]
[White "Nguyen, Piotr"]
[Black "Xylogiannopoulos, Antonios"]
[Result "1-0"]
[WhiteElo "2398"]
[BlackElo "2247"]
[PlyCount "75"]
[EventDate "2024.04.27"]
[EventType "swiss"]
[EventRounds "9"]
[EventCountry "CZE"]
[SourceTitle "CBM 220 Extra"]
[Source "ChessBase"]
[SourceDate "2024.07.31"]
[SourceVersion "1"]
[SourceVersionDate "2024.07.31"]
[SourceQuality "1"]

1. Nf3 d5 2. d4 Nf6 3. g3 Bf5 4. c4 e6 5. Nc3 c6 6. Qb3 Qb6 7. c5 Qxb3 8. axb3 h6 9. h3 Be7 10. g4 Be4 11. Bf4 0-0 12. b4 Na6 13. Ra4 Bc2 14. Rxa6 bxa6 15. Ne5 Ne4 16. Nxe4 dxe4 17. Nxc6 Bf6 18. e3 Ba4 19. Na5 e5 20. dxe5 Bd8 21. e6 Bxa5 22. exf7+ Rxf7 23. bxa5 Bb5 24. Bxb5 axb5 25. c6 Rc8 26. c7 Rd7 27. Ke2 Kf7 28. Rc1 Re7 29. Rc5 a6 30. Kd2 Re6 31. Kc3 Ke7 32. Kd4 Kd7 33. Be5 Rc6 34. Rd5+ Ke6 35. b3 g6 36. Kxe4 R8xc7 37. Bxc7 Rxc7 38. f4 1-0

[Event "POL-chT Ekstraliga"]
[Site "Lublin"]
[Date "2023.09.24"]
[Round "7.2"]
[White "Socko, Bartosz"]
[Black "Nguyen, Piotr"]
[Result "1-0"]
[WhiteElo "2538"]
[BlackElo "2394"]
[PlyCount "102"]
[EventDate "2023.09.18"]
[EventType "team-tourn"]
[EventRounds "9"]
[EventCountry "POL"]
[SourceTitle "CBM 216 Extra"]
[Source "ChessBase"]
[SourceDate "2023.11.30"]
[SourceVersion "1"]
[SourceVersionDate "2023.11.30"]
[SourceQuality "1"]
[WhiteTeam "Katowice Wasko"]
[BlackTeam "Krakow Dwie Wieze"]
[WhiteTeamCountry "POL"]
[BlackTeamCountry "POL"]

1. e4 c5 2. Nf3 g6 3. c3 d5 4. e5 Nc6 5. d4 cxd4 6. cxd4 Bg4 7. Bb5 Qb6 8. Bxc6+ bxc6 9. Nbd2 Qb5 10. h3 Bxf3 11. Qxf3 e6 12. Qe2 Rb8 13. Qxb5 Rxb5 14. Ke2 h5 15. b3 Ne7 16. Ba3 Nf5 17. Bxf8 Rxf8 18. Nf3 h4 19. Rhc1 Kd7 20. Rc3 a5 21. Rac1 Rb6 22. Kd3 Ra8 23. Ng5 a4 24. Nxf7 axb3 25. Rxb3 Rxb3+ 26. axb3 Ra2 27. Rf1 Ng7 28. Nh8 g5 29. Nf7 Nh5 30. Nxg5 Nf4+ 31. Ke3 Ne2 32. Nf3 Nc3 33. Nxh4 Ra3 34. Nf3 Rxb3 35. h4 Ke7 36. h5 Kf8 37. Kf4 Kg7 38. Re1 Rb2 39. Ke3 Rb3 40. Ra1 Kh6 41. Nd2 Rb4 42. Rc1 Nb5 43. Nf3 Rb3+ 44. Kf4 Rb4 45. Rxc6 Nxd4 46. Nxd4 Rxd4+ 47. Kg3 Kxh5 48. Rxe6 Rg4+ 49. Kf3 Re4 50. Rd6 Rxe5 51. g4+ Kg5 1-0

[Event "POL-chT Ekstraliga"]
[Site "Lublin"]
[Date "2023.09.21"]
[Round "4.3"]
[White "Nguyen, Piotr"]
[Black "Samunenkov, Igor"]
[Result "1-0"]
[WhiteElo "2394"]
[BlackElo "2517"]
[PlyCount "89"]
[EventDate "2023.09.18"]
[EventType "team-tourn"]
[EventRounds "9"]
[EventCountry "POL"]
[SourceTitle "CBM 216 Extra"]
[Source "ChessBase"]
[SourceDate "2023.11.30"]
[SourceVersion "1"]
[SourceVersionDate "2023.11.30"]
[SourceQuality "1"]
[WhiteTeam "Krakow Dwie Wieze"]
[BlackTeam "Dabrowa Gornicza Zaglebie"]
[WhiteTeamCountry "POL"]
[BlackTeamCountry "POL"]

1. c4 Nf6 2. g3 c6 3. Nf3 d5 4. Bg2 dxc4 5. 0-0 Nbd7 6. Qc2 Nb6 7. Na3 Be6 8. Ne5 Qd4 9. Nxc6 bxc6 10. Bxc6+ Kd8 11. Nb5 Qc5 12. Bxa8 Nxa8 13. a4 Bh3 14. Re1 e5 15. d4 exd4 16. Nxd4 Nb6 17. Be3 Kc8 18. Nf3 Qc6 19. a5 Nbd5 20. Bxa7 Kb7 21. Bd4 Bd6 22. b3 c3 23. Ra4 Re8 24. e4 Nxe4 25. a6+ Ka8 26. Rxe4 Rxe4 27. Qxe4 c2 28. Bb2 c1Q+ 29. Bxc1 Qxc1+ 30. Ne1 Ka7 31. Rc4 Qa1 32. g4 Be5 33. Rc5 f5 34. gxf5 Bxf5 35. Qe2 Bg4 36. Qd2 Bf3 37. Rc1 Qxa6 38. Nxf3 Qg6+ 39. Kf1 Nf4 40. Qa5+ Kb7 41. Qb5+ Ka7 42. Qc5+ Kb7 43. Nxe5 Qg2+ 44. Ke1 Qe4+ 45. Kd2 1-0

[Event "POL-chT Ekstraliga"]
[Site "Lublin"]
[Date "2023.09.19"]
[Round "2.2"]
[White "Nguyen, Piotr"]
[Black "Warakomski, Tomasz"]
[Result "1/2-1/2"]
[WhiteElo "2394"]
[BlackElo "2533"]
[PlyCount "156"]
[EventDate "2023.09.18"]
[EventType "team-tourn"]
[EventRounds "9"]
[EventCountry "POL"]
[SourceTitle "CBM 216 Extra"]
[Source "ChessBase"]
[SourceDate "2023.11.30"]
[SourceVersion "1"]
[SourceVersionDate "2023.11.30"]
[SourceQuality "1"]
[WhiteTeam "Krakow Dwie Wieze"]
[BlackTeam "Gliwice Akademia Szachowa"]
[WhiteTeamCountry "POL"]
[BlackTeamCountry "POL"]

1. Nf3 d5 2. g3 Nf6 3. Bg2 b5 4. 0-0 e6 5. d3 Bb7 6. c4 bxc4 7. dxc4 Nbd7 8. cxd5 exd5 9. Nc3 Bb4 10. Nh4 Nc5 11. Be3 Qd7 12. Rc1 Ne6 13. Qb3 c5 14. Na4 d4 15. Bxb7 Rb8 16. Bf3 dxe3 17. a3 0-0 18. axb4 exf2+ 19. Kxf2 Rxb4 20. Nxc5 Rxb3 21. Nxd7 Nxd7 22. Rc2 Rfb8 23. Ra1 Rxb2 24. Rxb2 Rxb2 25. Rxa7 Ne5 26. Ra8+ Nf8 27. Bd5 g6 28. Nf3 Ng4+ 29. Ke1 Ne3 30. Ba2 Rb7 31. Ne5 Kg7 32. Kf2 Re7 33. Kxe3 Rxe5+ 34. Kf2 Re7 35. Bd5 Rd7 36. e4 Rc7 37. h4 Nd7 38. g4 Ne5 39. g5 h6 40. Re8 Nd3+ 41. Ke3 Nb4 42. Rb8 Na6 43. Ra8 Nc5 44. Kd4 hxg5 45. hxg5 Nd7 46. Re8 Nf8 47. Ke5 Nh7 48. Kf4 Rc1 49. Re7 Rf1+ 50. Kg4 Rg1+ 51. Kf4 Nxg5 52. e5 Kh6 53. Re8 Rd1 54. Ba2 Rd2 55. Rh8+ Kg7 56. Ra8 Rg2 57. Bd5 Rg1 58. Re8 Nh3+ 59. Kf3 Rd1 60. Ba2 Rd2 61. Ra8 Ng1+ 62. Kf4 Rf2+ 63. Kg4 Ne2 64. Ra7 Rf4+ 65. Kh3 Nc3 66. Kg3 Rf5 67. Bc4 Ne4+ 68. Kg4 Nf2+ 69. Kg3 Ne4+ 70. Kg4 Nd2 71. Ba2 Rxe5 72. Rxf7+ Kh6 73. Rd7 Re4+ 74. Kg3 Re2 75. Bd5 Kg5 76. Bg2 Ne4+ 77. Bxe4 Rxe4 78. Rd5+ Kf6 1/2-1/2